| 000 | 00498nam a2200193Ia 4500 | ||
|---|---|---|---|
| 005 | 20240823044556.0 | ||
| 008 | 240823s9999||||xx |||||||||||||| ||und|| | ||
| 020 | _a978-81-203-2097-0 | ||
| 041 | _aENGLISH | ||
| 082 | _A005.73 N7 | ||
| 100 | _a"Kruse,Robert L [et al]" | ||
| 245 | 0 | _aData Structures and program design in C | |
| 250 | _a2nd | ||
| 260 |
_c1997 _b"PHI,New Delhi" |
||
| 500 | _aTRANSFERED | ||
| 650 |
_aData Structure _bComputer Applications |
||
| 942 | _cBK | ||
| 999 |
_c212916 _d212916 |
||